[Event "Copenhagen Bronshoj op"]
[Site "Copenhagen"]
[Date "2014.02.09"]
[Round "5"]
[White "Krull, Carl"]
[Black "Ronsted, Torben"]
[Result "0-1"]
[WhiteElo "1770"]
[BlackElo "2089"]
[PlyCount "58"]
[EventDate "2014.02.07"]
[EventType "swiss"]
[EventRounds "7"]
[EventCountry "DEN"]
[SourceTitle "CBM 158 Extra"]
[Source "ChessBase"]
[SourceDate "2014.02.28"]
[SourceVersion "1"]
[SourceVersionDate "2014.02.28"]
[SourceQuality "1"]

1. e4 c5 2. Nf3 d6 3. d4 cxd4 4. Qxd4 a6 5. Nc3 Nc6 6. Qd1 g6 7. Bc4 Bg7 8. Bf4 Nf6 9. e5 Nh5 10. Bg3 Nxg3 11. hxg3 Nxe5 12. Nxe5 Bxe5 13. Qf3 e6 14. 0-0-0 Qc7 15. Bb3 Bd7 16. Rh2 Bc6 17. Qe3 0-0-0 18. Rdh1 h5 19. f4 Bg7 20. Ne4 Bxe4 21. Qxe4 d5 22. Qf3 Qc5 23. g4 hxg4 24. Qxg4 Rxh2 25. Rxh2 Qg1+ 26. Kd2 Qxh2 27. Qf3 Bh6 28. Qc3+ Kb8 29. Qe5+ Ka8 0-1

[Event "Valby K41 Aabent-ch 0809"]
[Site "Valby"]
[Date "2009.02.10"]
[Round "7"]
[White "Krull, Carl"]
[Black "Hansen, Peter Steen"]
[Result "1-0"]
[WhiteElo "1467"]
[BlackElo "1124"]
[PlyCount "91"]
[EventDate "2008.11.11"]
[EventType "swiss"]
[EventRounds "9"]
[EventCountry "DEN"]
[SourceTitle "EXT 2023"]
[Source "ChessBase"]
[SourceDate "2022.10.05"]
[SourceVersion "1"]
[SourceVersionDate "2022.10.05"]
[SourceQuality "1"]

1. e4 e5 2. Nf3 Nc6 3. Bc4 Nf6 4. Nc3 Be7 5. d3 0-0 6. a3 Re8 7. Nd5 Nxd5 8. Bxd5 Nd4 9. Nxe5 Rf8 10. Be3 Ne6 11. Qh5 Bg5 12. 0-0-0 Bxe3+ 13. fxe3 Qg5 14. Qxg5 Nxg5 15. h4 Ne6 16. Rdf1 f6 17. Nf3 d6 18. Rhg1 Kh8 19. g4 c6 20. Ba2 h6 21. Rf2 Re8 22. g5 fxg5 23. hxg5 h5 24. g6 Nf8 25. Rg5 Be6 26. Bxe6 Rxe6 27. Nh4 Kg8 28. Rfg2 Rf6 29. Rxh5 Rf1+ 30. Kd2 Rh1 31. Rg4 Re8 32. Rhg5 Rh2+ 33. Kc3 b5 34. Nf5 c5 35. Nxd6 b4+ 36. axb4 cxb4+ 37. Kb3 Rb8 38. Rg2 Rh1 39. Rg1 Rh2 40. R5g2 Rh5 41. Nf5 Ne6 42. d4 a5 43. Ka2 Kf8 44. Rf2 Ke8 45. d5 Nc5 46. Nxg7+ 1-0

[Event "Valby K41 Autumn-C"]
[Site "Valby"]
[Date "2008.10.28"]
[Round "7"]
[White "Kristensen, Steffen Michael"]
[Black "Krull, Carl"]
[Result "0-1"]
[WhiteElo "1256"]
[BlackElo "1386"]
[PlyCount "30"]
[EventDate "2008.09.09"]
[EventType "tourn"]
[EventRounds "7"]
[EventCountry "DEN"]
[SourceTitle "EXT 2023"]
[Source "ChessBase"]
[SourceDate "2022.10.05"]
[SourceVersion "1"]
[SourceVersionDate "2022.10.05"]
[SourceQuality "1"]

1. b3 e5 2. Bb2 Nc6 3. e4 Bc5 4. Bc4 d6 5. Nc3 Nf6 6. h3 Nd4 7. Nf3 Be6 8. Bxe6 fxe6 9. 0-0 a6 10. Nxd4 Bxd4 11. Na4 Ba7 12. d3 Qe7 13. c4 Bd4 14. Qd2 Nh5 15. Qe2 Ng3 0-1

[Event "Valby K41 op 0607"]
[Site "Valby"]
[Date "2007.01.09"]
[Round "5"]
[White "Sorensen, Hans Erik Them"]
[Black "Krull, Carl"]
[Result "1-0"]
[WhiteElo "1544"]
[BlackElo "1375"]
[PlyCount "109"]
[EventDate "2006.11.14"]
[EventType "swiss"]
[EventRounds "9"]
[EventCountry "DEN"]
[SourceTitle "EXT 2018"]
[Source "ChessBase"]
[SourceDate "2017.10.13"]
[SourceVersion "1"]
[SourceVersionDate "2017.10.13"]
[SourceQuality "1"]

1. d4 Nf6 2. c4 e5 3. dxe5 Ng4 4. Nf3 Nc6 5. e3 Ngxe5 6. Nc3 Bb4 7. Bd2 d6 8. a3 Bxc3 9. Bxc3 Bg4 10. Be2 f6 11. 0-0 Qd7 12. b4 Bxf3 13. Bxf3 Nxc4 14. Bd5 Nb6 15. Bb3 Qf5 16. a4 Ne5 17. a5 Nbc4 18. f4 Nxe3 19. fxe5 Qxf1+ 20. Qxf1 Nxf1 21. exf6 gxf6 22. Bxf6 Rf8 23. Rxf1 Kd7 24. Bg7 Rxf1+ 25. Kxf1 b6 26. b5 Re8 27. Bd5 Re3 28. Kf2 Ra3 29. a6 Ra5 30. Bc6+ Ke6 31. Bd4 Ra3 32. g4 Rh3 33. Kg2 Rd3 34. Bf2 Rd2 35. Kf3 Rd3+ 36. Ke4 Rd2 37. Bg3 Rc2 38. Kf4 Rc4+ 39. Kg5 Rd4 40. Kh5 Rc4 41. g5 Rc5 42. Kh6 Kf7 43. Be4 c6 44. Bxd6 Rxb5 45. Bxc6 Rb3 46. Bd5+ Ke8 47. Bxb3 Kd7 48. Bf8 Kc6 49. Kxh7 b5 50. g6 b4 51. g7 Kb5 52. g8Q Kxa6 53. Qc4+ Ka5 54. Qxb4+ Ka6 55. Bc4# 1-0

[Event "Valby K41 Autumn-C"]
[Site "Valby"]
[Date "2006.10.31"]
[Round "7"]
[White "Lichtenberg, Ivan"]
[Black "Krull, Carl"]
[Result "0-1"]
[WhiteElo "1204"]
[BlackElo "1400"]
[PlyCount "46"]
[EventDate "2006.09.12"]
[EventType "tourn"]
[EventRounds "7"]
[EventCountry "DEN"]
[SourceTitle "EXT 2023"]
[Source "ChessBase"]
[SourceDate "2022.10.05"]
[SourceVersion "1"]
[SourceVersionDate "2022.10.05"]
[SourceQuality "1"]

1. e4 e5 2. Nf3 Nc6 3. Bb5 a6 4. Ba4 Bc5 5. c3 Nf6 6. 0-0 d6 7. d4 exd4 8. cxd4 Ba7 9. Bg5 b5 10. Bc2 Bg4 11. h3 Bxf3 12. Qxf3 Bxd4 13. Nc3 Ne5 14. Qg3 h6 15. Bxf6 Qxf6 16. Nd5 Qd8 17. Kh1 Ng6 18. f4 c6 19. Rae1 cxd5 20. exd5+ Ne7 21. f5 Bf6 22. Rxe7+ Qxe7 23. Re1 Be5 0-1

[Event "Valby K41 Autumn-C"]
[Site "Valby"]
[Date "2006.09.26"]
[Round "3"]
[White "Krull, Carl"]
[Black "Krogh, Soren"]
[Result "1-0"]
[WhiteElo "1400"]
[BlackElo "1230"]
[PlyCount "93"]
[EventDate "2006.09.12"]
[EventType "tourn"]
[EventRounds "7"]
[EventCountry "DEN"]
[SourceTitle "EXT 2023"]
[Source "ChessBase"]
[SourceDate "2022.10.05"]
[SourceVersion "1"]
[SourceVersionDate "2022.10.05"]
[SourceQuality "1"]

1. e4 c6 2. d4 d5 3. exd5 cxd5 4. Nf3 Nf6 5. Bg5 Nc6 6. c3 Bf5 7. Nbd2 e6 8. Bb5 Bd6 9. Ne5 Rc8 10. h3 a6 11. Ba4 b5 12. Nxc6 Rxc6 13. Bc2 Bg6 14. Nf3 0-0 15. Ne5 Rc7 16. Ng4 b4 17. Nxf6+ gxf6 18. Bh6 Re8 19. Ba4 bxc3 20. bxc3 Ree7 21. Qf3 f5 22. Bg5 Rb7 23. h4 h5 24. 0-0 a5 25. Rfe1 Qc8 26. Bxe7 Rxe7 27. Rab1 Qc4 28. Bb3 Qc7 29. Bc2 Qa7 30. a4 Qa6 31. Rb5 Rb7 32. Reb1 Rxb5 33. Rxb5 Kf8 34. Qe2 Qa7 35. Qd2 Kg7 36. Bd3 f6 37. Be2 f4 38. Qb2 Qa8 39. Rb7+ Kh6 40. Qb6 Bc2 41. Qc6 Qf8 42. Rd7 Ba3 43. Qxe6 Bg6 44. Qxd5 Qc8 45. Rd8 Qxc3 46. Rh8+ Bh7 47. Qxh5+ 1-0